God's women : (Record no. 1634)
[ view plain ]
| 000 -LEADER | |
|---|---|
| fixed length control field | 00970cam a22002777a 4500 |
| 001 - CONTROL NUMBER | |
| control field | 13474965 |
| 003 - CONTROL NUMBER IDENTIFIER | |
| control field | GBCCL |
| 005 - DATE AND TIME OF LATEST TRANSACTION | |
| control field | 20241126110405.0 |
| 008 - FIXED-LENGTH DATA ELEMENTS--GENERAL INFORMATION | |
| fixed length control field | 040130s2004 moua b 000 0 eng |
| 010 ## - | |
| -- | 2004101317 |
| 020 ## - INTERNATIONAL STANDARD BOOK NUMBER | |
| International Standard Book Number | 0974953903 |
| 035 ## - SYSTEM CONTROL NUMBER | |
| System control number | (DLC) 2004101317 |
| 040 ## - CATALOGING SOURCE | |
| Original cataloging agency | DLC |
| Transcribing agency | DLC |
| 050 00 - | |
| -- | MLCS 2006/03770 (B) |
| 082 ## - DEWEY DECIMAL CLASSIFICATION NUMBER | |
| Classification number | 270.082 |
| Item number | GIL |
| 100 1# - MAIN ENTRY--PERSONAL NAME | |
| Personal name | Gill, Deborah M. |
| Fuller form of name | (Deborah Menken) |
| 9 (RLIN) | 3353 |
| 245 10 - TITLE STATEMENT | |
| Title | God's women : |
| Remainder of title | then and now / |
| Statement of responsibility, etc. | Deborah M. Gill and Barbara L. Cavaness. |
| 260 ## - PUBLICATION, DISTRIBUTION, ETC. | |
| Place of publication, distribution, etc. | Springfield, MO : |
| -- | Secunderabad : |
| Name of publisher, distributor, etc. | Grace & Truth, |
| -- | Authentic, |
| Date of publication, distribution, etc. | 2009, c2004. |
| 300 ## - PHYSICAL DESCRIPTION | |
| Extent | 248 p. : |
| Other physical details | ill. ; |
| Dimensions | 22 cm. |
| 504 ## - BIBLIOGRAPHY, ETC. NOTE | |
| Bibliography, etc. note | Includes bibliographical references (p. 234-238). |
| 650 #0 - SUBJECT ADDED ENTRY--TOPICAL TERM | |
| Topical term or geographic name entry element | Christianity |
| Form subdivision | women |
| 9 (RLIN) | 1491 |
| 700 1# - ADDED ENTRY--PERSONAL NAME | |
| Personal name | Cavaness, Barbara L. |
| Fuller form of name | (Barbara Liddle) |
| 9 (RLIN) | 3354 |
| 906 ## - LOCAL DATA ELEMENT F, LDF (RLIN) | |
| a | 7 |
| b | cbc |
| c | orignew |
| d | 2 |
| e | epcn |
| f | 20 |
| g | y-gencatlg |
| 942 ## - ADDED ENTRY ELEMENTS (KOHA) | |
| Source of classification or shelving scheme | Dewey Decimal Classification |
| Koha item type | Books |
| Koha issues (borrowed), all copies | 8 |
| Withdrawn status | Lost status | Source of classification or shelving scheme | Damaged status | Not for loan | Home library | Current Library | Shelving location | Date acquired | Total checkouts | Total renewals | Full call number | Barcode | Date last seen | Date last checked out | Copy number | Price effective from | Koha item type |
|---|---|---|---|---|---|---|---|---|---|---|---|---|---|---|---|---|---|
| Dewey Decimal Classification | GRACE BIBLE COLLEGE | GRACE BIBLE COLLEGE | Church History | 2017-05-09 | 11 | 4 | 270.082 GIL | 014325 | 2025-05-01 | 2024-12-11 | c.1 | 2017-05-09 | Books |